Estadísticas para Adivina la película por su vestuario (parte 3)

Haz click aquí para intentar la prueba.

Estadísticas generales

  • Esta prueba ha sido intentada 75 veces
  • La puntuación promedio es 10 de 32

Estadísticas de respuestas

Respuesta% Correcto
Maléfica
88%
It
84%
Avatar
67%
Karate Kid
61%
Star Trek
55%
La Cenicienta
48%
Peter Pan
45%
Austin Powers
39%
Fight Club / El club de la pelea
39%
Borat
38%
Los cazafantasmas
38%
Bohemian Rhapsody
33%
Encantada
32%
Un príncipe en Nueva York / El príncipe de Zamunda
32%
La masacre de Texas / La matanza de Texas
30%
Evita
29%
Rocketman
29%
Las crónicas de Narnia
26%
Hairspray
25%
Midsommar
23%
Jojo Rabbit
19%
Apocalypto
16%
El bueno, el malo y el feo
16%
El quinto elemento
16%
Tron
14%
Chicago
13%
Taxi Driver
12%
Sky High / Súper escuela de héroes
10%
Dreamgirls
9%
Blanca Nieves y el cazador
6%
Chungking Express
3%
El tigre y el dragón
1%

Distribución de puntuación

Porcentaje por número respondido

Porcentaje de gente con cada puntuación

Historial de tus puntuaciones

No has intentado esta prueba.